01262naa#a2200253#i#4500001001600000005001700016011001400033100004100047101000800088102000700096200025600103210008300359215001100442608004500453675011000498700005600608700006400664700005200728700004400780700006600824700005800890700004000948856002000988RU\\bibl\12457820260630022824.2##a2077-7566##a20260629b2026####ek#y0rusy0150####ca0#aRUS##aRU1#aДВУНАПРАВЛЕННАЯ ВЗАИМОСВЯЗЬ ПАРОДОНТИТА И СОМАТИЧЕСКОЙ ПАТОЛОГИИ: ОТ СИСТЕМНОГО ВОСПАЛЕНИЯ К КЛИНИЧЕСКОМУ ПРОГНОЗУeЖурнальная статья1#aЕкатеринбургcИздательский Дом «ТИРАЖ»d2026##a10 с.##aЖурнальная статья2local##aСтоматология. Заболевания ротовой полости и зубов. 616.31zRUS#1aБражниковаgАнна Николаевна#1aДолгалевgАлександр Анатольевич#1aЭмgАлександра Викторовна#1aГарусgЯна Николаевна#1aЛавриненкоgЕкатерина Дмитриевна#1aХейгетянgАртур Вараздатович#1aХоревgОлег Юрьевич4#adental-press.ru